[Event "Chioggia op-B 05th"]
[Site "Chioggia"]
[Date "2010.10.10"]
[Round "5"]
[White "Chiereghin, Franco"]
[Black "Rosina, Graziano"]
[Result "1/2-1/2"]
[WhiteElo "1756"]
[BlackElo "1869"]
[PlyCount "110"]
[EventDate "2010.10.08"]
[EventType "swiss"]
[EventRounds "5"]
[EventCountry "ITA"]
[SourceTitle "EXT 2022"]
[Source "ChessBase"]
[SourceDate "2021.10.06"]
[SourceVersion "1"]
[SourceVersionDate "2021.10.06"]
[SourceQuality "1"]

1. f4 c5 2. Nf3 Nf6 3. e3 g6 4. b3 Bg7 5. Bb2 0-0 6. Be2 Nc6 7. Ne5 d6 8. Nxc6 bxc6 9. 0-0 Be6 10. g4 Qc8 11. g5 Ne8 12. Bxg7 Nxg7 13. Bf3 f5 14. d4 c4 15. d5 Bxd5 16. Bxd5+ cxd5 17. Qxd5+ e6 18. Qxc4 Qxc4 19. bxc4 Rac8 20. Na3 a6 21. Rab1 e5 22. Rb6 exf4 23. exf4 Rfd8 24. Rxa6 Ra8 25. Rxa8 Rxa8 26. Nb5 Rxa2 27. Nxd6 Rxc2 28. Rf2 Rxf2 29. Kxf2 Ne6 30. Ke3 Kf8 31. Nb5 Ke7 32. Nd4 Nc5 33. Ne2 Kd6 34. Kd4 Ne6+ 35. Kd3 Nc5+ 36. Kd4 Kc6 37. Kc3 Kd6 38. Nc1 Ne4+ 39. Kb4 Nd2 40. Kc3 Nf3 41. Kb4 Nxh2 42. Kb5 Kc7 43. Nd3 Nf3 44. Kc5 Nd2 45. Kd5 Ne4 46. Ke6 Kd8 47. c5 Ke8 48. c6 Kd8 49. Kf7 Kc7 50. Ne5 Nf2 51. Nxg6 hxg6 52. Kxg6 Kxc6 53. Kxf5 Kd7 54. Kf6 Ke8 55. Kg7 Nh3 1/2-1/2

[Event "Chioggia op-B 05th"]
[Site "Chioggia"]
[Date "2010.10.09"]
[Round "2"]
[White "Aprile, Martino"]
[Black "Chiereghin, Franco"]
[Result "1-0"]
[WhiteElo "1858"]
[BlackElo "1756"]
[PlyCount "59"]
[EventDate "2010.10.08"]
[EventType "swiss"]
[EventRounds "5"]
[EventCountry "ITA"]
[SourceTitle "EXT 2022"]
[Source "ChessBase"]
[SourceDate "2021.10.06"]
[SourceVersion "1"]
[SourceVersionDate "2021.10.06"]
[SourceQuality "1"]

1. Nc3 e5 2. e4 Nf6 3. d3 Be7 4. f4 d6 5. Nf3 Nc6 6. Be2 0-0 7. 0-0 Nd4 8. Be3 c5 9. fxe5 Nxf3+ 10. Bxf3 dxe5 11. Qe1 Ng4 12. Bxg4 Bxg4 13. Qg3 h5 14. h3 Be6 15. Qxe5 h4 16. Bxc5 Bf6 17. Qf4 Re8 18. e5 Bg5 19. Qf2 Bd5 20. Rae1 b6 21. Bd6 Be6 22. Ne4 Be7 23. Bxe7 Qxe7 24. Kh1 Red8 25. Qf4 Rac8 26. Ng5 Qd7 27. Qxh4 Bf5 28. e6 Bxe6 29. Qh7+ Kf8 30. Nxe6+ 1-0